| 000 | 01391cam a2200433 4500 | ||
|---|---|---|---|
| 001 | 265296 | ||
| 003 | ItRFAO | ||
| 008 | 930101t1983 xxu||||| ||| 00| 0 d | ||
| 040 |
_aItRFAO _dItRFAO |
||
| 041 | 0 | _aara | |
| 084 |
_a631.47 Ag3 _9114907 |
||
| 546 | _aArabic | ||
| 110 |
_aAgency for International Development, Washington, DC (USA) _leng _91236 |
||
| 242 | 0 | 0 | _aSoil survey in the Yemen Arab Republic and final report |
| 245 | 0 | 0 | _aمسح التربة في الجمهورية العربية اليمنية. موجز التقرير النهائي |
| 260 |
_aWashington, DC (USA) _bAID _c1983 |
||
| 300 |
_a61 p. _bmap (in pocket), scale 1:500,000 |
||
| 336 | _2ItRFAO | ||
| 338 |
_2ItRFAO _aBooks |
||
| 650 | 1 | 7 |
_2agrovoc _aSOIL |
| 650 | 2 | 7 |
_2agrovoc _aSOIL TYPES |
| 650 | 2 | 7 |
_2agrovoc _aSOIL CLASSIFICATION _91239 |
| 650 | 2 | 7 |
_2agrovoc _aCARTOGRAPHY _91240 |
| 650 | 1 | 7 |
_2agrovocf _aSOL |
| 650 | 1 | 7 |
_2agrovocs _aSUELO |
| 650 | 2 | 7 |
_2agrovocf _aTYPE DE SOL |
| 650 | 2 | 7 |
_2agrovocf _aCLASSIFICATION DES SOLS _91244 |
| 650 | 2 | 7 |
_2agrovocf _aCARTOGRAPHIE _91245 |
| 650 | 2 | 7 |
_2agrovocs _aTIPOS DE SUELOS |
| 650 | 2 | 7 |
_2agrovocs _aCLASIFICACION DE SUELOS _91247 |
| 650 | 2 | 7 |
_2agrovocs _aCARTOGRAFIA _91248 |
| 651 | 7 |
_2agrovoc _aYEMEN |
|
| 651 | 7 |
_2agrovocf _aYEMEN |
|
| 651 | 7 |
_2agrovocs _aYEMEN |
|
| 692 | _aLW | ||
| 919 | _aLibrary material | ||
| 942 |
_n0 _cMX |
||
| 999 |
_c244 _d244 |
||